Vivir de ambos lados del Suchiate : trabajo transfronterizo y vida familiar de guatemaltecos en Chiapas /

Detalles Bibliográficos
Autor principal: Nájera Aguirre, Jéssica N. (Autor)
Formato: Electrónico eBook
Lenguaje:español
Publicado: Ciudad de México, México : El Colegio de México, [2022]
Edición:Primera edición electrónica.
Materias:
Acceso en línea:Digitalia Hispánica

MARC

LEADER 00000nam a2200000Ii 4500
001 DIGCOLMX0467
003 NyNyDIG
007 cr |||||||||||
008 230620s2022 mx a ob 000 0 spa d
006 m o d
020 |a 9786075644431  |q electrónico 
020 |z 9786075642376  |q impreso 
035 |a (OCoLC)1351729358 
040 |a DGITA  |b eng  |e rda  |e pn  |c DGITA 
043 |a n-mx---  |a ncgt--- 
050 1 4 |a HD8118.5.G8 ebook 
100 1 |a Nájera Aguirre, Jéssica N.,  |e author. 
245 1 0 |a Vivir de ambos lados del Suchiate :  |b trabajo transfronterizo y vida familiar de guatemaltecos en Chiapas /  |c Jéssica N. Nájera Aguirre. 
250 |a Primera edición electrónica. 
300 |a 1 online resource :  |b illustrations. 
264 1 |a Ciudad de México, México :  |b El Colegio de México,  |c [2022] 
336 |a text  |b txt  |2 rdacontent 
337 |a computer  |b c  |2 rdamedia 
338 |a online resource  |b cr  |2 rdacarrier 
347 |a text file  |2 rdaft 
347 |b EPUB 
504 |a Includes bibliographical references. 
588 0 |a Online resource; title from ePub title page (Digitalia, viewed June 20, 2023) 
650 0 |a Foreign workers, Guatemalan  |z Mexico  |z Chiapas. 
650 0 |a Migrant agricultural laborers. 
651 0 |a Chiapas (Mexico)  |x Emigration and immigration. 
791 2 |a Digitalia (Firm),  |e distributor. 
793 0 |g Digitalia eBook Collection:  |a El Colegio de México 
776 0 8 |i Print version:  |a Nájera Aguirre, Jéssica N.  |t Vivir de ambos lados del Suchiate.  |b Primera edición.  |d Ciudad de México, México : El Colegio de México, [2021]  |z 9786075642376 
856 4 0 |3 Digitalia Hispánica  |u https://www.digitaliapublishing.com/a/125613/ 
910 |a Premium collection: 2023